[Event "HUN-chT2 Charousek 1819"]
[Site "Hungary"]
[Date "2019.02.10"]
[Round "7.8"]
[White "Csoli, Odon"]
[Black "Szelenyi, Norbert"]
[Result "0-1"]
[WhiteElo "2239"]
[BlackElo "2307"]
[PlyCount "86"]
[EventDate "2018.09.23"]
[EventType "team-tourn"]
[EventRounds "11"]
[EventCountry "HUN"]
[SourceTitle "CBM 189 Extra"]
[Source "ChessBase"]
[SourceDate "2019.06.03"]
[SourceVersion "1"]
[SourceVersionDate "2019.06.03"]
[SourceQuality "1"]
[WhiteTeam "Biatorbagy"]
[BlackTeam "Ajka Banyasz"]
[WhiteTeamCountry "HUN"]
[BlackTeamCountry "HUN"]

1. d4 d5 2. Nf3 Nf6 3. c4 e6 4. cxd5 exd5 5. Nc3 Bb4 6. Bg5 h6 7. Bh4 Nbd7 8. e3 g5 9. Bg3 Ne4 10. Rc1 h5 11. h4 g4 12. Nd2 Nxg3 13. fxg3 Bd6 14. Ne2 Qe7 15. Rc3 Bb4 16. Rb3 Nf6 17. a3 Ba5 18. Rd3 Bf5 19. e4 dxe4 20. Re3 Nd5 21. Qa4+ Bd7 22. Qxa5 Nxe3 23. Kf2 Nf5 24. Nc4 e3+ 25. Kg1 b6 26. Qc3 0-0-0 27. Ne5 Rh6 28. Kh2 Kb8 29. Nf4 Be8 30. Bd3 Nxd4 31. Nc4 Ne6 32. Nxe6 Rxe6 33. Bf5 Rf6 34. Nxe3 Rc6 35. Qb3 Qe5 36. Rf1 a5 37. a4 Rc5 38. Bh7 Rd2 39. Nc4 Rxg2+ 40. Kxg2 Qe2+ 41. Rf2 Qxc4 42. Qe3 Bc6+ 43. Kh2 Qc1 0-1

[Event "HUN-chT2 Charousek 1819"]
[Site "Hungary"]
[Date "2018.09.23"]
[Round "1.7"]
[White "Csoli, Odon"]
[Black "Varga, Richard"]
[Result "1-0"]
[WhiteElo "2239"]
[BlackElo "2073"]
[PlyCount "119"]
[EventDate "2018.09.23"]
[EventType "team-tourn"]
[EventRounds "11"]
[EventCountry "HUN"]
[SourceTitle "CBM 189 Extra"]
[Source "ChessBase"]
[SourceDate "2019.06.03"]
[SourceVersion "1"]
[SourceVersionDate "2019.06.03"]
[SourceQuality "1"]
[WhiteTeam "Biatorbagy"]
[BlackTeam "Aquaprofit Nagykanizsa II"]
[WhiteTeamCountry "HUN"]
[BlackTeamCountry "HUN"]

1. d4 Nf6 2. Nf3 g6 3. c4 Bg7 4. e3 d6 5. Be2 0-0 6. 0-0 b6 7. Nc3 Bb7 8. Qc2 Nbd7 9. b3 e5 10. Bb2 Nh5 11. Rad1 f5 12. dxe5 Nxe5 13. Nxe5 Bxe5 14. f4 Bg7 15. Bxh5 gxh5 16. Nd5 Bxb2 17. Qxb2 Bxd5 18. Rxd5 Qe7 19. Rf3 h4 20. Rh3 Rae8 21. Qf2 Rf7 22. Rd3 Qe4 23. Rd1 Rg7 24. Re1 Re6 25. Qf3 Rg4 26. Qxe4 Rxe4 27. g3 Kg7 28. Rxh4 Rxh4 29. gxh4 Kg6 30. Kf2 Kh5 31. Rg1 Re7 32. Rg5+ Kxh4 33. Rxf5 Rg7 34. Kf3 h5 35. e4 Rg1 36. e5 Rf1+ 37. Ke4 Re1+ 38. Kd5 Kg4 39. Rf7 Rd1+ 40. Kc6 dxe5 41. fxe5 Re1 42. Rxc7 Rxe5 43. Rxa7 Re6+ 44. Kb5 Kh3 45. Rh7 h4 46. a4 Re2 47. Kxb6 Rb2 48. c5 Rxb3+ 49. Kc6 Rb4 50. Rb7 Rxa4 51. Rb2 Ra1 52. Kb6 Rh1 53. c6 Rxh2 54. Rxh2+ Kxh2 55. c7 h3 56. c8Q Kg3 57. Qc1 Kg2 58. Qd2+ Kg1 59. Qd1+ Kg2 60. Qg4+ 1-0

[Event "HUN-chT2 Breyer 1718"]
[Site "Hungary"]
[Date "2018.01.28"]
[Round "7.7"]
[White "D Albini, Geza"]
[Black "Csoli, Odon"]
[Result "0-1"]
[WhiteElo "1983"]
[BlackElo "2204"]
[PlyCount "78"]
[EventDate "2017.09.24"]
[EventType "team-tourn"]
[EventRounds "11"]
[EventCountry "HUN"]
[SourceTitle "EXT 2021"]
[Source "ChessBase"]
[SourceDate "2020.10.23"]
[SourceVersion "1"]
[SourceVersionDate "2020.10.23"]
[SourceQuality "1"]
[WhiteTeam "Vizugy"]
[BlackTeam "Biatorbagy"]
[WhiteTeamCountry "HUN"]
[BlackTeamCountry "HUN"]

1. c4 c6 2. d4 d5 3. e3 Nf6 4. Nc3 e6 5. a3 Nbd7 6. Nf3 Bd6 7. Be2 dxc4 8. Bxc4 b5 9. Be2 Bb7 10. 0-0 0-0 11. e4 e5 12. Bg5 a6 13. Bd3 exd4 14. Nxd4 Nc5 15. Bc2 Be5 16. Be3 Re8 17. Nf3 Bxc3 18. Bxc5 Bxb2 19. Rb1 Qxd1 20. Rfxd1 Bc3 21. Rb3 Ba5 22. Re3 Rad8 23. Rxd8 Bxd8 24. Kf1 Nd7 25. Bd6 Nb6 26. Bb3 Be7 27. Bc7 Nd7 28. e5 Nc5 29. Ba2 Ne6 30. Bxe6 fxe6 31. Bd6 c5 32. Bxe7 Rxe7 33. Rd3 Bd5 34. Ke1 a5 35. Ng5 b4 36. axb4 cxb4 37. f4 h6 38. Nf3 a4 39. Nd4 b3 0-1

[Event "HUN-chT2 Breyer 1718"]
[Site "Hungary"]
[Date "2017.09.24"]
[Round "1.7"]
[White "Kovacs, Judit"]
[Black "Csoli, Odon"]
[Result "0-1"]
[WhiteElo "1989"]
[BlackElo "2204"]
[PlyCount "194"]
[EventDate "2017.09.24"]
[EventType "team-tourn"]
[EventRounds "11"]
[EventCountry "HUN"]
[SourceTitle "EXT 2021"]
[Source "ChessBase"]
[SourceDate "2020.10.23"]
[SourceVersion "1"]
[SourceVersionDate "2020.10.23"]
[SourceQuality "1"]
[WhiteTeam "Budapest HASE"]
[BlackTeam "Biatorbagy"]
[WhiteTeamCountry "HUN"]
[BlackTeamCountry "HUN"]

1. Nf3 Nf6 2. c4 c6 3. d4 d5 4. Qc2 e6 5. g3 Be7 6. Bg2 0-0 7. 0-0 b6 8. b3 Bb7 9. Nc3 Nbd7 10. Rd1 Rc8 11. e4 dxe4 12. Nxe4 Nxe4 13. Qxe4 Nf6 14. Qe2 Qc7 15. Bf4 Bd6 16. Be5 Qe7 17. Rac1 c5 18. Bxf6 Qxf6 19. dxc5 Bxc5 20. Rd7 Bc6 21. Rxa7 Rfd8 22. Ne5 Be8 23. Nd3 Bd4 24. Be4 Qg5 25. Rd1 b5 26. Ra5 Bc3 27. b4 Rxc4 28. a3 Rcd4 29. h4 Qf6 30. Rc1 R4d6 31. Ra8 Rxa8 32. Bxa8 Rd8 33. Bb7 Bd4 34. Bc6 Qg6 35. Kg2 Bxc6+ 36. Rxc6 Qf5 37. Nc5 g6 38. Rc7 Qd5+ 39. Qf3 Qxf3+ 40. Kxf3 Bb2 41. Ra7 Rd2 42. Ke3 Rd5 43. Ra8+ Kg7 44. Nd3 Bd4+ 45. Ke2 h6 46. a4 bxa4 47. Rxa4 Bc3 48. Ra3 Bd4 49. Ra5 Rd7 50. Rb5 e5 51. Kf3 Kf6 52. g4 h5 53. gxh5 gxh5 54. Rb8 Ba7 55. Nc5 Rd4 56. Rh8 Bxc5 57. bxc5 Rxh4 58. c6 Rc4 59. Rxh5 Ke6 60. Rh8 Rxc6 61. Ke3 Ra6 62. Rf8 Ra3+ 63. Ke2 f5 64. Rd8 e4 65. Re8+ Kf6 66. Rb8 Ke5 67. Rb5+ Kf4 68. Rc5 Kg4 69. Rc8 Kf4 70. Rf8 Ra2+ 71. Ke1 Kg4 72. Rg8+ Kf4 73. Rg3 Ra8 74. Rh3 Rd8 75. Ke2 Rd5 76. Ra3 Rb5 77. Rc3 Ke5 78. Rh3 Rb2+ 79. Ke1 f4 80. Rh8 f3 81. Re8+ Kd5 82. Rd8+ Kc6 83. Re8 Re2+ 84. Kf1 Kd5 85. Rd8+ Kc4 86. Rc8+ Kd3 87. Rd8+ Kc2 88. Rc8+ Kd1 89. Rd8+ Rd2 90. Re8 Kc1 91. Rc8+ Rc2 92. Rd8 Rc3 93. Rd4 Rd3 94. Rc4+ Kb2 95. Rb4+ Kc3 96. Rxe4 Rd1+ 97. Re1 Kd2 0-1

[Event "HUN-chT2 Breyer 1617"]
[Site "Hungary"]
[Date "2016.12.11"]
[Round "4.7"]
[White "Csoli, Odon"]
[Black "Dibusz, Ferenc"]
[Result "1/2-1/2"]
[WhiteElo "2210"]
[BlackElo "2161"]
[PlyCount "99"]
[EventDate "2016.10.30"]
[EventType "team-tourn"]
[EventRounds "9"]
[EventCountry "HUN"]
[SourceTitle "EXT 2021"]
[Source "ChessBase"]
[SourceDate "2020.10.23"]
[SourceVersion "1"]
[SourceVersionDate "2020.10.23"]
[SourceQuality "1"]
[WhiteTeam "Biatorbagy"]
[BlackTeam "Naszaly Geniusz Tata"]
[WhiteTeamCountry "HUN"]
[BlackTeamCountry "HUN"]

1. d4 d5 2. c4 e6 3. cxd5 exd5 4. Nc3 Nf6 5. Bg5 c6 6. Qc2 Be7 7. e3 h6 8. Bh4 0-0 9. Bd3 Re8 10. Nf3 Ne4 11. Bxe7 Qxe7 12. Bxe4 dxe4 13. Nd2 Bf5 14. 0-0 Nd7 15. b4 Qh4 16. Rfc1 Re6 17. Nf1 Nf6 18. Ng3 Bg6 19. Nce2 Nd5 20. Qb3 h5 21. b5 Qg4 22. bxc6 bxc6 23. Qb7 Rd8 24. Rxc6 Rxc6 25. Qxc6 h4 26. h3 Qg5 27. Nf1 Bh5 28. g4 Bxg4 29. hxg4 Qxg4+ 30. Neg3 hxg3 31. Nxg3 Nxe3 32. Re1 Nf5 33. Rxe4 Qd1+ 34. Kg2 Nxd4 35. Re8+ Rxe8 36. Qxe8+ Kh7 37. Qxf7 Qg4 38. Qxa7 Qf3+ 39. Kg1 Qd1+ 40. Kh2 Nf3+ 41. Kg2 Qd5 42. Qe3 Nd2+ 43. Kg1 Qxa2 44. Qd3+ g6 45. Qd7+ Kh6 46. Qd8 Qc2 47. Qh8+ Kg5 48. Qe5+ Kh6 49. Qf6 Qd3 50. Qh8+ 1/2-1/2

[Event "HUN-chT2 Breyer 1516"]
[Site "Hungary"]
[Date "2016.04.17"]
[Round "11.1"]
[White "Haszon, David"]
[Black "Csoli, Odon"]
[Result "0-1"]
[WhiteElo "2219"]
[BlackElo "2199"]
[PlyCount "42"]
[EventDate "2015.09.13"]
[EventType "team-tourn"]
[EventRounds "11"]
[EventCountry "HUN"]
[SourceTitle "EXT 2017"]
[Source "ChessBase"]
[SourceDate "2016.10.25"]
[SourceVersion "1"]
[SourceVersionDate "2016.10.25"]
[SourceQuality "1"]
[WhiteTeam "Kobanya Aquarena"]
[BlackTeam "Szazhalombatta"]
[WhiteTeamCountry "HUN"]
[BlackTeamCountry "HUN"]

1. e4 c5 2. Nf3 Nc6 3. d4 cxd4 4. Nxd4 e5 5. Nb5 a6 6. Nd6+ Bxd6 7. Qxd6 Qf6 8. Qd1 Qg6 9. Nc3 d5 10. Nxd5 Qxe4+ 11. Be3 Nd4 12. Nc7+ Ke7 13. Nxa8 Nxc2+ 14. Kd2 Nxe3 15. Qe2 Qb4+ 16. Kc1 Qc5+ 17. Kd2 Nxf1+ 18. Rhxf1 Nf6 19. Ke1 Be6 20. Nb6 Qxb6 21. Rc1 Qb4+ 0-1

[Event "HUN-chT2 Breyer 1516"]
[Site "Hungary"]
[Date "2015.11.29"]
[Round "5.6"]
[White "Csoli, Odon"]
[Black "Gyurkovics, Bence"]
[Result "1/2-1/2"]
[WhiteElo "2199"]
[BlackElo "2215"]
[PlyCount "91"]
[EventDate "2015.09.13"]
[EventType "team-tourn"]
[EventRounds "11"]
[EventCountry "HUN"]
[SourceTitle "CBM 170 Extra"]
[Source "ChessBase"]
[SourceDate "2016.02.25"]
[SourceVersion "1"]
[SourceVersionDate "2016.02.25"]
[SourceQuality "1"]
[WhiteTeam "Szazhalombatta"]
[BlackTeam "Gyor UDSE"]
[WhiteTeamCountry "HUN"]
[BlackTeamCountry "HUN"]

1. e4 c5 2. Nf3 d6 3. c3 Nf6 4. Be2 g6 5. 0-0 Bg7 6. d3 0-0 7. Bg5 h6 8. Bh4 g5 9. Bg3 Nh5 10. Na3 Nc6 11. Nc4 b5 12. Ne3 Nxg3 13. hxg3 Rb8 14. d4 cxd4 15. Nxd4 Nxd4 16. cxd4 e6 17. Qd2 Qb6 18. Rfd1 Bb7 19. d5 Rfd8 20. Bg4 exd5 21. exd5 Bc8 22. Bxc8 Rbxc8 23. Nf5 Re8 24. Rac1 Bf8 25. Qd3 Rc4 26. b3 Rxc1 27. Rxc1 Qa5 28. Qc2 Re1+ 29. Rxe1 Qxe1+ 30. Kh2 Qe5 31. Qd3 a6 32. Kh3 Qa1 33. Qe2 Qh1+ 34. Kg4 Qxg2 35. Qe8 Qxf2 36. Nxh6+ Kg7 37. Nf5+ Kg6 38. Qe4 Kf6 39. Nd4 Qf1 40. Nf3 Qd1 41. Qf5+ Ke7 42. Qxg5+ Ke8 43. Qf5 Qe2 44. Qc8+ Ke7 45. Qc7+ Ke8 46. Qc8+ 1/2-1/2

[Event "HUN-chT2 Breyer 1415"]
[Site "Hungary"]
[Date "2015.04.26"]
[Round "?"]
[White "Meixner, Ferenc"]
[Black "Csoli, Odon"]
[Result "1/2-1/2"]
[WhiteElo "2131"]
[BlackElo "2187"]
[PlyCount "35"]
[EventDate "2014.09.07"]
[EventType "team-tourn"]
[EventRounds "11"]
[EventCountry "HUN"]
[SourceTitle "EXT 2016"]
[Source "ChessBase"]
[SourceDate "2015.10.08"]
[SourceVersion "1"]
[SourceVersionDate "2015.10.08"]
[SourceQuality "1"]
[WhiteTeam "Turul"]
[BlackTeam "Szazhalombatta"]
[WhiteTeamCountry "HUN"]
[BlackTeamCountry "HUN"]

1. e4 c6 2. Nc3 d5 3. Qf3 dxe4 4. Nxe4 Nd7 5. d3 Ngf6 6. Be2 Qb6 7. Qg3 Nxe4 8. dxe4 Qb4+ 9. c3 Qxe4 10. Nf3 Nf6 11. Be3 Qg4 12. Qe5 g6 13. Nd4 Qe4 14. Qg3 Bg7 15. Bf3 Qd3 16. Be2 Qe4 17. Bf3 Qd3 18. Be2 1/2-1/2

[Event "HUN-chT2 Breyer 1415"]
[Site "Hungary"]
[Date "2015.01.25"]
[Round "?"]
[White "Kovacs, David"]
[Black "Csoli, Odon"]
[Result "1/2-1/2"]
[WhiteElo "2235"]
[BlackElo "2187"]
[PlyCount "51"]
[EventDate "2014.09.07"]
[EventType "team-tourn"]
[EventRounds "11"]
[EventCountry "HUN"]
[SourceTitle "EXT 2016"]
[Source "ChessBase"]
[SourceDate "2015.10.08"]
[SourceVersion "1"]
[SourceVersionDate "2015.10.08"]
[SourceQuality "1"]
[WhiteTeam "Geniusz Tata"]
[BlackTeam "Szazhalombatta"]
[WhiteTeamCountry "HUN"]
[BlackTeamCountry "HUN"]

1. e4 e5 2. Nf3 Nc6 3. Bb5 a6 4. Ba4 Nf6 5. 0-0 Nxe4 6. d4 exd4 7. Re1 d5 8. Nxd4 Bd6 9. Nxc6 Bxh2+ 10. Kf1 Qh4 11. Be3 0-0 12. Nd4 Bg4 13. Nf3 Qh5 14. c3 Rad8 15. Bb3 Be5 16. Kg1 c5 17. Nbd2 Rfe8 18. Nf1 Nxc3 19. bxc3 Bxc3 20. N1d2 Bxf3 21. Qxf3 Qxf3 22. Nxf3 Bxe1 23. Nxe1 c4 24. Bb6 Rd6 25. Ba4 Rc8 26. Bd4 1/2-1/2

[Event "HUN-chT2 Breyer 1314"]
[Site "Hungary"]
[Date "2014.04.27"]
[Round "9"]
[White "Csoli, Odon"]
[Black "Molnar, Aurel"]
[Result "1-0"]
[WhiteElo "2162"]
[BlackElo "2205"]
[PlyCount "121"]
[EventDate "2013.09.08"]
[EventType "team-tourn"]
[EventRounds "9"]
[EventCountry "HUN"]
[SourceTitle "EXT 2016"]
[Source "ChessBase"]
[SourceDate "2015.10.08"]
[SourceVersion "1"]
[SourceVersionDate "2015.10.08"]
[SourceQuality "1"]
[WhiteTeam "Szazhalombatta"]
[BlackTeam "Torokbalint"]
[WhiteTeamCountry "HUN"]
[BlackTeamCountry "HUN"]

1. d4 d5 2. c4 c6 3. Nf3 Nf6 4. e3 e6 5. Nbd2 Nbd7 6. Bd3 Bd6 7. 0-0 0-0 8. e4 dxe4 9. Nxe4 Nxe4 10. Bxe4 f5 11. Bc2 e5 12. Ng5 Nf6 13. c5 Bc7 14. Bb3+ Nd5 15. dxe5 Bxe5 16. Qh5 h6 17. Nf3 Qf6 18. Rb1 Be6 19. Re1 Bf7 20. Qh4 Rfe8 21. Be3 Qxh4 22. Nxh4 Nxe3 23. Bxf7+ Kxf7 24. Rxe3 Kf6 25. Rbe1 Re7 26. Kf1 Rae8 27. b3 g5 28. Nf3 g4 29. Nxe5 Rxe5 30. Rxe5 Rxe5 31. Rc1 f4 32. f3 g3 33. h3 Ke6 34. Rc4 Rf5 35. Ke2 Kd5 36. Kd3 b5 37. cxb6 axb6 38. Rd4+ Ke5 39. a4 h5 40. Rd8 Rf6 41. Rh8 Rd6+ 42. Kc3 Rd1 43. Rxh5+ Kf6 44. Rh6+ Kg5 45. Re6 Rc1+ 46. Kb2 Rf1 47. Rxc6 Kh4 48. b4 Rf2+ 49. Rc2 Rxg2 50. Rxg2 Kxh3 51. Rg1 Kh2 52. Rc1 g2 53. Kc3 Kg3 54. a5 bxa5 55. bxa5 Kxf3 56. a6 Kg3 57. a7 f3 58. a8Q f2 59. Qg8+ Kf3 60. Kd2 f1Q 61. Qf7+ 1-0

[Event "HUN-chT2 Breyer 1112"]
[Site "Hungary"]
[Date "2011.11.13"]
[Round "3.3"]
[White "Csoli, Odon"]
[Black "Kovacs, David"]
[Result "1/2-1/2"]
[WhiteElo "2165"]
[BlackElo "2159"]
[PlyCount "36"]
[EventDate "2011.09.25"]
[EventType "team-tourn"]
[EventRounds "11"]
[EventCountry "HUN"]
[SourceTitle "EXT 2013"]
[Source "ChessBase"]
[SourceDate "2012.11.22"]
[SourceVersion "1"]
[SourceVersionDate "2012.11.22"]
[SourceQuality "1"]
[WhiteTeam "Szazhalombatta"]
[BlackTeam "Geniusz Tata"]
[WhiteTeamCountry "HUN"]
[BlackTeamCountry "HUN"]

1. d4 Nf6 2. c4 e6 3. Nf3 Bb4+ 4. Bd2 Qe7 5. g3 Nc6 6. Bg2 Bxd2+ 7. Nbxd2 d6 8. 0-0 a5 9. a3 a4 10. Nb1 Bd7 11. Nc3 0-0 12. Rc1 Rfc8 13. Nxa4 Nxd4 14. Nxd4 Bxa4 15. b3 c5 16. Nf3 Bc6 17. a4 Qc7 18. Qc2 Be4 1/2-1/2

[Event "HUN-chT2 Breyer 1011"]
[Site "Hungary"]
[Date "2011.04.10"]
[Round "8.4"]
[White "Bokros, Norbert"]
[Black "Csoli, Odon"]
[Result "1-0"]
[WhiteElo "2017"]
[BlackElo "2158"]
[PlyCount "51"]
[EventDate "2010.09.12"]
[EventType "team-tourn"]
[EventRounds "11"]
[EventCountry "HUN"]
[SourceTitle "EXT 2012"]
[Source "ChessBase"]
[SourceDate "2011.11.24"]
[SourceVersion "1"]
[SourceVersionDate "2011.11.24"]
[SourceQuality "1"]
[WhiteTeam "Turul"]
[BlackTeam "Szazhalombatta"]
[WhiteTeamCountry "HUN"]
[BlackTeamCountry "HUN"]

1. e4 c5 2. d4 cxd4 3. c3 d5 4. exd5 Qxd5 5. cxd4 Nc6 6. Nf3 e5 7. Nc3 Bb4 8. Bd2 Bxc3 9. Bxc3 e4 10. Ne5 Nxe5 11. dxe5 Ne7 12. Qa4+ Bd7 13. Qb4 a5 14. Qb6 Bc6 15. Rd1 Qe6 16. Rd6 Qxa2 17. e6 f6 18. Bb5 0-0 19. Bxc6 bxc6 20. Qb7 Nf5 21. Rd7 Rad8 22. Rxd8 Rxd8 23. Qf7+ Kh8 24. 0-0 Rg8 25. Rd1 Qa4 26. Qxg8+ 1-0

[Event "HUN-chT2 Breyer 1011"]
[Site "Hungary"]
[Date "2010.10.10"]
[Round "3.4"]
[White "Csoli, Odon"]
[Black "Finszter, Mate"]
[Result "1-0"]
[WhiteElo "2158"]
[BlackElo "2084"]
[PlyCount "117"]
[EventDate "2010.09.12"]
[EventType "team-tourn"]
[EventRounds "11"]
[EventCountry "HUN"]
[SourceTitle "EXT 2012"]
[Source "ChessBase"]
[SourceDate "2011.11.24"]
[SourceVersion "1"]
[SourceVersionDate "2011.11.24"]
[SourceQuality "1"]
[WhiteTeam "Szazhalombatta"]
[BlackTeam "Gyor Komszomol"]
[WhiteTeamCountry "HUN"]
[BlackTeamCountry "HUN"]

1. d4 Nf6 2. Nf3 e6 3. c4 Bb4+ 4. Bd2 Qe7 5. g3 Nc6 6. Bg2 Bxd2+ 7. Qxd2 Ne4 8. Qc2 Qb4+ 9. Nc3 Nxc3 10. Qxc3 Qxc3+ 11. bxc3 Rb8 12. Nd2 Na5 13. c5 b6 14. cxb6 axb6 15. 0-0 Ba6 16. Bf3 0-0 17. Nb3 Nc4 18. Rfd1 Bb7 19. Bxb7 Rxb7 20. Nd2 Na3 21. Rdc1 Ra8 22. c4 Kf8 23. e3 c5 24. dxc5 bxc5 25. Ne4 Ra5 26. Rc3 Ke7 27. Nd2 Ra4 28. Rb3 Rbb4 29. Rc1 Ra5 30. Rcc3 Rba4 31. e4 f6 32. f4 Ra7 33. e5 f5 34. Kf1 d6 35. exd6+ Kxd6 36. Ke2 Kc6 37. Kd1 h6 38. Kc1 g5 39. Kb2 Rb4 40. Rxb4 cxb4 41. Re3 Kd7 42. Kb3 Rb7 43. Re1 Rb6 44. Nf3 gxf4 45. gxf4 Rd6 46. Ne5+ Kc7 47. Rc1 Rd2 48. Kxb4 Rc2 49. Rxc2 Nxc2+ 50. Kc5 Na3 51. Nf3 Kd7 52. Nd4 h5 53. Nb5 Nc2 54. a4 h4 55. a5 Kc8 56. a6 Kb8 57. Kb6 Ne3 58. a7+ Ka8 59. Nc7# 1-0

[Event "HUN-chT2 Breyer 1011"]
[Site "Hungary"]
[Date "2010.09.26"]
[Round "2.4"]
[White "Ritter, Gabor"]
[Black "Csoli, Odon"]
[Result "1/2-1/2"]
[WhiteElo "2090"]
[BlackElo "2158"]
[PlyCount "47"]
[EventDate "2010.09.12"]
[EventType "team-tourn"]
[EventRounds "11"]
[EventCountry "HUN"]
[SourceTitle "EXT 2012"]
[Source "ChessBase"]
[SourceDate "2011.11.24"]
[SourceVersion "1"]
[SourceVersionDate "2011.11.24"]
[SourceQuality "1"]
[WhiteTeam "Vizugy"]
[BlackTeam "Szazhalombatta"]
[WhiteTeamCountry "HUN"]
[BlackTeamCountry "HUN"]

1. d4 d5 2. c4 c6 3. cxd5 cxd5 4. Nc3 Nf6 5. Nf3 Nc6 6. Bf4 e6 7. e3 Bd6 8. Bxd6 Qxd6 9. Bd3 0-0 10. 0-0 b6 11. Rc1 Bb7 12. a3 Rfd8 13. Qe2 Qe7 14. Rc2 e5 15. Nxe5 Nxe5 16. dxe5 Qxe5 17. Nb5 d4 18. Nxd4 Qg5 19. f4 Qd5 20. Bc4 Qe4 21. Bd3 Qd5 22. Bc4 Qe4 23. Bd3 Qd5 24. Bc4 1/2-1/2